000 00514nam a22001577a 4500
008 160708b xxu||||| |||| 00| 0 eng d
020 _a971550454x
082 _22003
_aDFil 899.2113
_bL64
100 _911070
_ade Guzman-Lingat, Rosario
245 _aSa bukang-liwayway ng isang kalayaan at iba pang kwento/
_cRosario de Guzman-Lingat
260 _aQuezon City:
_bADMU Press,
_cc2003.
300 _avii, 204 pages:
_c18 cm.
650 0 _911071
_aShort stories, Filipino
365 _b204.00
_cPhp.
942 _2ddc
_cDFIL
999 _c3319
_d3319